| 000 | 00520nam a22001817a 4500 | ||
|---|---|---|---|
| 005 | 20251108165353.0 | ||
| 008 | 250721s2002 xx 000 0 ara d | ||
| 082 | 1 | 4 | _aق/همن |
| 100 | 1 | _aهمنغواي، أرنست | |
| 245 | 1 | 0 | _aالشيخ و البحر / |
| 264 | 1 |
_aعمان : _bالأهلية للنشر، _c2002. |
|
| 300 | _a124ص | ||
| 650 | 1 | 7 | _aالأدب المترجم |
| 650 | 1 | 7 | _aالقصص الإنجليزية |
| 700 | 1 |
_aنصار، سمير _eترجمة |
|
| 942 |
_2ddc _cBK |
||
| 999 |
_c26302 _d26302 |
||